000 01091nam a2200217 a 4500
001 000125080
003 AM-YEHGA
005 20250617122627.0
008 990413s1974 ru ||||gr|||||||||0|rus|d
040 _aAM-YeHGA
041 0 _arus
100 1 _aВоронов, Виктор Григорьевич
245 1 0 _aМлекопитающие Курильских островов /
_cВ.Г. Воронов ; Отв. ред. Г.Б. Рябова ; АН СССР. Отд-ние общей биологии. Дальневосточный научный центр. Сахалинский комплексный научно-исследовательский ин-т.
260 _aЛенинград :
_bНаука. Ленингр. отд-ние,
_c1974.
300 _a164 с.
650 1 4 _aМлекопитающие или звери. Мамалиология
700 1 _aРябова, Г.Б.
_eред.
_4edt
710 2 _aСахалинский комплексный научно-исследовательский институт АН СО
942 _2udc
_cBK
090 _c42032
999 _c41361
_d41361